000 01200nam0a2200373 4500
001 RU\NLR\bibl\388664
005 20260406164525.0
010 _a5-7905-1697-1
_95000
021 _aRU
_b2003-7654
_9354
035 _a(NLR Aleph) 000382988
090 _a467498
_c467498
100 _a20030408d2003 |||y0rusy50 ca
101 0 _arus
102 _aRU
105 _ay |||||||||
200 1 _aРекенштейны
_fВ. И. Крыжановская
210 _aМ.
_cРИПОЛ классик
_d2003
215 _a349, [1] с.
_d22
225 1 _aCorona astralis
610 0 _aМистика (х. л.)
610 0 _aФантастические романы и рассказы (х. л.)
675 _a821.161.1-31Крыжановская
_v3
_zrus
686 _a17.82
_2rugasnti
686 _a84(2Рос-Рус)6-44
_2rubbk
686 _aШ6(2=Р)52-4
700 1 _4070
_7ca
_8rus
_aКрыжановская
_bВ. И.
_f1861-1924
_gВера Ивановна
_9120797
_3RU\NLR\auth\7711042
801 0 _aRU
_bRKP
_c20030408
_gPSBO
801 1 _aRU
_bRKP
_c20030408
801 2 _aRU
_bNLR
_c20030430
_grcr
942 _cBOOK
980 _aNB